20 Most Famous Cities in Armenia on a Map - Statistics

General Stats
  • This quiz has been taken 97 times
  • The average score is 9 of 22
Answers on the Map
Answers color-coded by a green-red scale on the quiz's map according to % correct below.
 
Answer Stats
Wiki Monthly Views Cityquiz Mention Rate Population Answers % Correct
123.92K 39.22% 1086.68K Yerevan
100%
27.54K 2.73% 112.30K Gyumri
79%
3.37K 0.88% 18.71K Sevan
51%
10.68K 1.13% 75.19K Vanadzor
50%
6.81K 1.21% 32.78K Kapan
49%
13.90K 0.42% 44.84K Vagharshapat
47%
2.43K 1.88% 16.59K Ararat
46%
6.56K 0.63% 27.47K Armavir
44%
3.15K 0.35% 44.23K Hrazdan
41%
7.03K 1.64% 15.91K Dilijan
37%
2.90K 0.24% 17.74K Gavar
37%
3.44K 0.20% 46.43K Abovyan
35%
4.97K 0.21% 17.11K Goris
35%
4.07K 0.19% 18.69K Ijevan
32%
4.58K 0.15% 3.94K Jermuk
32%
6.75K 0.31% 19.02K Artashat
31%
3.39K 0.15% 15.69K Ashtarak
31%
6.40K 0.24% 13.13K Spitak
31%
3.41K 0.20% 12.15K Alaverdi
26%
6.65K - 0.13K Artsvashen
26%
4.14K 0.06% 1.01K Tsaghkadzor
26%
2.66K 0.77% 3.90K Talin
22%
No matching quizzes found
Score Distribution
Percent of People with Each Score
Percentile by Number Answered
Your Score History
You have not taken this quiz